Normal view
MARC view
- الفتاوى الشرعية
Entry Topical Term
001 - CONTROL NUMBER
- control field: 45581
003 - CONTROL NUMBER IDENTIFIER
- control field: JO-AjAnu
005 - DATE AND TIME OF LATEST TRANSACTION
- control field: 20230606081535.0
008 - FIXED-LENGTH DATA ELEMENTS
- fixed length control field: 230606|| aca||aabn | a|a d
040 ## - CATALOGING SOURCE
- Original cataloging agency: JO-AjAnu
- Transcribing agency: JO-AjAnu
150 ## - HEADING--TOPICAL TERM
- Topical term or geographic name entry element: الفتاوى الشرعية
670 ## - SOURCE DATA FOUND
- Source citation: Work cat.: (JO-AjAnu)23337: البنك الإسلامي الأردني, author 45580, البنك الإسلامي الأردني: نشرة إعلامية رقم 6 الفتاوى الشرعية، ج2